01659nam a2200277 i 4500003000900000005001700009007000300026008004100029020001800070040003000088041000900118082001400127100002700141245018500168246010300353264008300456300004200539336002700581337003400608338002800642500002600670504003100696505058300727700003901310700003201349DO-SdBNP20240305073657.0ta110413s2023 dr o 000 0 spa d a9789945939606 aDO-SdBNPbspacBNPHUerda hfra. bP489f2221 aPetitjean Roget, Henry10aHistorias de una colección arqueológica : buna introducción al estudio del arte taíno /cHenry Petitjean Roget ; prefacio Manuel A. García Arévalo ; fotos Milka Pasco  0aHistoire d´ une collection archéologique :bune introduction á l´étude de l´art taïno / 1aSanto Domingo :bFundación Nicole & Pierre Domino,bAmigo del hogar, c2023. a131 páginas c32 cm.bfotografías 2rdacontentatextobtxt 2rdamediaasin mediación bn 2rdacarrieravolumenbnc aLibro de pasta dura.  aBibliografías p: 127-1312 tPrefacio --tA modo e introducción --tLa colección taína de la fundación Nicole y Pierre Domino --tUn poco de historia: al final de una navegación, un encuentro --tAsentamientos amerindios precolombinos en las Antillas --tBreves aspectos de la sociedad taína --tLos temas principales del arte taíno --tsobre algunas técnicas de fabricación --tFoco sobre algunos objetos de la colección --tÁlbum de formas y diseños cerámicos de la colección Nicole y Pierre Domino --tEn conclusión --tAgradecimientos --tDirectrices bibliográficas --1 aSilié, Rubén,d1946-eprefacio aPasco, Milkaefotografías